000 00486nam a2200181Ia 4500
005 20250508161713.0
008 008 250505s9999 xx 000 0 eng d
037 _aTextual
040 _aFEDL
_beng
_cFEDL
041 _aeng
_2eng
084 _a220, PUD
_qFEDL
100 _aPudaite Rochunga
_9771404
245 0 _aGreatest is love
260 _aNew Delhi, India
_bPartnership Mission
_c1967
300 _a282p.
942 _cTEXL
_h220, PUD
999 _c1371640
_d1371640